[Event "Titled Tuesday intern op 12th Sep Early"]
[Site "Chess.com INT"]
[Date "2023.09.12"]
[Round "8"]
[White "Harsh, Suresh"]
[Black "Koellner, Ruben Gideon"]
[Result "0-1"]
[WhiteElo "2324"]
[BlackElo "2485"]
[PlyCount "158"]
[EventDate "2023.09.12"]
[EventType "swiss (blitz)"]
[EventRounds "11"]
[EventCountry "USA"]
[SourceTitle "EXT 2024"]
[Source "ChessBase"]
[SourceDate "2023.10.10"]
[SourceVersion "1"]
[SourceVersionDate "2023.10.10"]
[SourceQuality "1"]

1. d4 d6 2. Nf3 Nf6 3. c4 g6 4. g3 Bg7 5. Nc3 Bf5 6. Bg2 Ne4 7. Qb3 Nxc3 8. Qxc3 Be4 9. 0-0 0-0 10. Be3 c5 11. Qd2 b6 12. d5 Nd7 13. Bh6 Nf6 14. Bxg7 Kxg7 15. a4 a6 16. b4 a5 17. b5 Qd7 18. Qc3 Kg8 19. Nd2 Bxg2 20. Kxg2 Qf5 21. Rae1 Ne4 22. Nxe4 Qxe4+ 23. f3 Qe5 24. Qxe5 dxe5 25. e4 Rad8 26. f4 f6 27. Re2 Kg7 28. Ref2 Kg8 29. Rh1 Rf7 30. h4 h5 31. f5 Kh7 32. fxg6+ Kxg6 33. Kh3 Kh6 34. Rg1 Rg7 35. g4 hxg4+ 36. Rxg4 Rxg4 37. Kxg4 Kg6 38. h5+ Kf7 39. Rg2 Rg8+ 40. Kh3 Rh8 41. Kh4 Rh6 42. Rg3 Rh8 43. Rg6 Rh7 44. Rg2 Rh8 45. Rg1 Rh7 46. Rg3 Rh8 47. Kg4 Rg8+ 48. Kf3 Rh8 49. Rh3 Rg8 50. Rh1 Rh8 51. Kg4 Rg8+ 52. Kf3 Rh8 53. Rh2 Rg8 54. Rg2 Rh8 55. Kg4 Rg8+ 56. Kh3 Rh8 57. Rd2 Rxh5+ 58. Kg4 Rh1 59. d6 exd6 60. Rxd6 Rf1 61. Rxb6 Rf4+ 62. Kg3 Rxe4 63. Ra6 Rxc4 64. Rxa5 Rb4 65. Ra6 c4 66. Kf3 c3 67. Ke2 e4 68. b6 f5 69. a5 f4 70. Ra7+ Ke6 71. b7 Rb2+ 72. Kd1 e3 73. Ra6+ Kd5 74. Rb6 Rd2+ 75. Ke1 c2 76. Rb5+ Kc4 77. Rb4+ Kd5 78. Rb5+ Kc6 79. Rb6+ Kd7 0-1

[Event "Titled Tuesday intern op 12th Sep Early"]
[Site "Chess.com INT"]
[Date "2023.09.12"]
[Round "3"]
[White "Harsh, Suresh"]
[Black "Zavgorodniy, Sergiy"]
[Result "1/2-1/2"]
[WhiteElo "2324"]
[BlackElo "2416"]
[PlyCount "106"]
[EventDate "2023.09.12"]
[EventType "swiss (blitz)"]
[EventRounds "11"]
[EventCountry "USA"]
[SourceTitle "EXT 2024"]
[Source "ChessBase"]
[SourceDate "2023.10.10"]
[SourceVersion "1"]
[SourceVersionDate "2023.10.10"]
[SourceQuality "1"]

1. Nf3 d5 2. c4 e6 3. e3 dxc4 4. Bxc4 Nf6 5. 0-0 a6 6. a4 c5 7. b3 Nc6 8. Bb2 Be7 9. d4 cxd4 10. Nxd4 Nxd4 11. Qxd4 Qxd4 12. Bxd4 Bd7 13. Nc3 Bc6 14. Rfd1 0-0 15. f3 Rfd8 16. Bb6 Rxd1+ 17. Rxd1 Bb4 18. Ne2 Nd7 19. Bd4 b5 20. axb5 axb5 21. Bd3 Nc5 22. Bxc5 Bxc5 23. Kf2 Bd5 24. Bxb5 Bxb3 25. Rc1 Be7 26. Bc4 Ba4 27. Ra1 Bc6 28. Rxa8+ Bxa8 29. e4 Bc5+ 30. Ke1 Kf8 31. Nc1 Bc6 32. Nd3 Bg1 33. h3 Ke7 34. Kf1 Bd4 35. Ke2 g5 36. g4 Kd6 37. Ba6 h6 38. Bc4 Bd7 39. Ne1 f5 40. exf5 exf5 41. Bd3 fxg4 42. fxg4 Bc6 43. Nf3 Bxf3+ 44. Kxf3 Ke5 45. Bg6 Bb2 46. Bh5 Bc3 47. Be8 Kd4 48. Bh5 Bd2 49. Kg2 Ke3 50. Bg6 Be1 51. Bh5 Bh4 52. Be8 Kf4 53. Bc6 Bg3 1/2-1/2

[Event "Titled Tuesday intern op 12th Sep Early"]
[Site "Chess.com INT"]
[Date "2023.09.12"]
[Round "7"]
[White "Sharifov, Mekhriddin"]
[Black "Harsh, Suresh"]
[Result "0-1"]
[WhiteElo "2172"]
[BlackElo "2324"]
[PlyCount "114"]
[EventDate "2023.09.12"]
[EventType "swiss (blitz)"]
[EventRounds "11"]
[EventCountry "USA"]
[SourceTitle "EXT 2024"]
[Source "ChessBase"]
[SourceDate "2023.10.10"]
[SourceVersion "1"]
[SourceVersionDate "2023.10.10"]
[SourceQuality "1"]

1. e4 e5 2. Nc3 Nc6 3. Bc4 Be7 4. d3 d6 5. f4 Be6 6. Nd5 Nf6 7. Nf3 0-0 8. 0-0 exf4 9. Bxf4 Bxd5 10. exd5 Na5 11. Qd2 Nxc4 12. dxc4 Nd7 13. Kh1 Bf6 14. c3 a5 15. Rae1 a4 16. Nd4 Nb6 17. Qd3 Qd7 18. h3 Rae8 19. Nb5 Qc8 20. c5 dxc5 21. Bxc7 Rxe1 22. Rxe1 Nd7 23. Qe2 Bh4 24. Rf1 Qe8 25. Qg4 Bf6 26. Bd6 Ne5 27. Qe2 Ng6 28. Qxe8 Rxe8 29. Bxc5 Re2 30. d6 Ne5 31. Bd4 Nd7 32. Bxf6 gxf6 33. Rf4 Rxb2 34. Nc7 Rxa2 35. Rg4+ Kf8 36. Rb4 a3 37. Rxb7 Rb2 38. Ra7 a2 39. Kh2 h5 40. Ra8+ Kg7 41. Ra7 Ne5 42. Ne6+ Kg6 43. Nd4 h4 44. Ra4 Rd2 45. Ra5 Kg7 46. Ra7 Kh6 47. Nf5+ Kg6 48. Nd4 f5 49. Ra6 f6 50. Ra8 f4 51. Kg1 Rd1+ 52. Kf2 a1Q 53. Rxa1 Rxa1 54. Nf3 Ra2+ 55. Kf1 Nxf3 56. d7 Rd2 57. gxf3 Rxd7 0-1